Tallinn - Culture générale - Statistiques

Statistiques générales
  • Ce quiz a été pris 34 fois
  • Le résultat moyen est 8 sur 15
Statistiques - réponses
Information Réponse % Correct
Pays dont elle est la capitale Estonie
100%
Mer qui baigne la ville Mer Baltique
93%
Langue maternelle de près d'un tiers des habitants, et dominante par le passé Russe
90%
Capitale qui lui fait face, à moins de 80km Helsinki
80%
Objet lancé par l'athlète Gerd Kanter, champion olympique en 2008 dans sa discipline Disque
73%
Logiciel de téléphonie et visioconférence créé par des tallinnois et racheté par Microsoft en 2011 Skype
67%
Grand événement hivernal installé chaque année sur la place de l’Hôtel de Ville, avec un sapin géant et du vin chaud Marché de Noël
60%
Golfe de cette mer qui borde la ville Golfe de Finlande
57%
Ligue médiévale de villes marchandes dont Tallinn était le membre le plus au nord Ligue hanséatique
50%
Pays qui a conquis la ville en 1219, lors des croisades baltes Danemark
43%
Tsar russe qui les bâti en 1715 après avoir acquis la ville Pierre le Grand
40%
Nom d'origine allemande que portait la ville jusqu'en 1918 Reval
27%
Art collectif célébré tous les 5 ans lors d’un grand rassemblement patriotique à Tallinn Chant
23%
Grand parc et château baroque qui accueillent aujourd'hui un musée Kadriorg
23%
Sucrerie à base de pâte d'amande, une des spécialité de la ville Massepain
10%
Aucun quiz correspondant
Distribution des résultats
% des personnes avec chaque résultat
Percentile par nombre de réponses
Votre historique - résultats
Vous n’avez pas pris ce quiz